<?xml version="1.0" encoding="UTF-8"?>
<record
    xmlns:xsi="http://www.w3.org/2001/XMLSchema-instance"
    xsi:schemaLocation="http://www.loc.gov/MARC21/slim http://www.loc.gov/standards/marcxml/schema/MARC21slim.xsd"
    xmlns="http://www.loc.gov/MARC21/slim">

  <leader>00336nam a2200121Ia 4500</leader>
  <controlfield tag="008">220603s9999    xx            000 0 und d</controlfield>
  <datafield tag="082" ind1=" " ind2=" ">
    <subfield code="b">SUN</subfield>
  </datafield>
  <datafield tag="100" ind1=" " ind2=" ">
    <subfield code="a">Sunil Kumar</subfield>
    <subfield code="9">92995</subfield>
  </datafield>
  <datafield tag="245" ind1=" " ind2=" ">
    <subfield code="a">Cardiovascular Heart Disease Diseases of Pericardium and Cardiomyopathy</subfield>
  </datafield>
  <datafield tag="260" ind1=" " ind2=" ">
    <subfield code="a">New Delhi</subfield>
    <subfield code="b">IGNOU</subfield>
  </datafield>
  <datafield tag="365" ind1=" " ind2=" ">
    <subfield code="b">Rs.</subfield>
  </datafield>
  <datafield tag="999" ind1=" " ind2=" ">
    <subfield code="c">57007</subfield>
    <subfield code="d">57007</subfield>
  </datafield>
  <datafield tag="952" ind1=" " ind2=" ">
    <subfield code="0">0</subfield>
    <subfield code="1">0</subfield>
    <subfield code="4">0</subfield>
    <subfield code="7">0</subfield>
    <subfield code="a">BTIN</subfield>
    <subfield code="b">BTIN</subfield>
    <subfield code="d">1901-01-01</subfield>
    <subfield code="e">Saurabh Pustak Bandhani Kendra</subfield>
    <subfield code="g">100.00</subfield>
    <subfield code="i">189</subfield>
    <subfield code="l">0</subfield>
    <subfield code="o">SUN BV0500</subfield>
    <subfield code="p">BTIN-BV-500</subfield>
    <subfield code="r">2022-08-10 00:00:00</subfield>
    <subfield code="w">2010-06-09</subfield>
    <subfield code="y">BV</subfield>
    <subfield code="z">BV000500</subfield>
  </datafield>
  <datafield tag="952" ind1=" " ind2=" ">
    <subfield code="0">0</subfield>
    <subfield code="1">0</subfield>
    <subfield code="4">0</subfield>
    <subfield code="7">0</subfield>
    <subfield code="a">BTIN</subfield>
    <subfield code="b">BTIN</subfield>
    <subfield code="d">1901-01-01</subfield>
    <subfield code="e">Saurabh Pustak Bandhani Kendra</subfield>
    <subfield code="g">100.00</subfield>
    <subfield code="i">189</subfield>
    <subfield code="l">0</subfield>
    <subfield code="o">SUN BV0499</subfield>
    <subfield code="p">BTIN-BV-499</subfield>
    <subfield code="r">2022-08-10 00:00:00</subfield>
    <subfield code="w">2010-06-09</subfield>
    <subfield code="y">BV</subfield>
    <subfield code="z">BV000499</subfield>
  </datafield>
  <datafield tag="952" ind1=" " ind2=" ">
    <subfield code="0">0</subfield>
    <subfield code="1">0</subfield>
    <subfield code="4">0</subfield>
    <subfield code="7">0</subfield>
    <subfield code="a">BTIN</subfield>
    <subfield code="b">BTIN</subfield>
    <subfield code="d">2010-06-09</subfield>
    <subfield code="e">Saurabh Pustak Bandhani Kendra</subfield>
    <subfield code="g">100.00</subfield>
    <subfield code="i">189</subfield>
    <subfield code="l">0</subfield>
    <subfield code="o">SUN BV0498</subfield>
    <subfield code="p">BTIN-BV-498</subfield>
    <subfield code="r">2022-08-10 00:00:00</subfield>
    <subfield code="w">2010-06-09</subfield>
    <subfield code="y">BV</subfield>
    <subfield code="z">BV000498</subfield>
  </datafield>
</record>
